000 00469nam a2200145 i 4500
001 89805
003 ES-MaACL
007 t|
008 050113s1923 fr ||||1| fre d
100 1 _aLaurent-Vibert, Robert.
_970639
245 1 0 _aVoyages
_b: routiers, pelerins et corsaires aus echelles du Levant /
_cpar R. Laurent-Vibert.
260 _aParis :
_bGeorges Grés et Cie.,
_c1923 (
_eLyon :
_fAudin et Cie.)
300 _a251 p. ;
_c19 cm.
852 _aES-MaACL
_jG-3398
999 _c89805
_d89805